000 00482nam a2200193 a 4500
001 1756807352721
003 ACL
005 20250902153446.0
008 250902s1990##################000#0#eng##
020 _a9780944142295
082 0 4 _a758.99544
_bTOP
100 1 _aTopsfield, Andrew,
_eauthor.
245 1 0 _aThe City Palace Museum, Udaipur :
260 _bMapin Publishing Pvt,
_c1990.
300 _a180 pages
650 0 _aArt.
942 _cENGLISH
040 _aACL
_beng
_cACL
999 _c585044
_d585044